| 000 | 00715cam a22002174a 4500 | ||
|---|---|---|---|
| 020 | _a0262071940 (alk. paper) | ||
| 082 | 0 | 0 | _a332.0415/0973 |
| 100 | 1 | _aGompers, Paul A. | |
| 245 | 1 | 4 |
_aThe venture capital cycle _cPaul A. Gompers and Josh Lerner. |
| 260 |
_aCambridge Mass. : _bMIT Press, _cc1999. |
||
| 300 |
_aix, 375 p. : _bill. ; _c24 cm. |
||
| 504 | _aIncludes bibliographical references (p. [351]-364) and indexes. | ||
| 563 | _aH.B | ||
| 650 | 0 |
_aVenture capital _984979 |
|
| 650 | 0 | _91850 | |
| 700 | 1 |
_aLerner, Joshua. _991032 |
|
| 942 |
_2ddc _cBK |
||
| 999 |
_c589223 _d589223 |
||